000 00851nam a2200253 4500
001 22633
003 BD-RjUL
005 20211209000830.0
008 140309s1946 nyu bd 000 0deng
035 _a(BD-RjUL)22698
040 _aDLC
_cDLC
_dDLC
_dBD-RjUL
_beng
041 _aeng
082 0 0 _a803
_bCOL 1946
245 0 0 _aColumbia dictionary of modern European literature /
_cHoratio Smith, general editor.
260 _aNew York :
_bColumbia university press,
_c1946.
300 _axiv, 899 p. ;
_c24 cm.
650 0 _aEuropean literature
_xDictionaries.
_969861
650 0 _aEuropean literature
_y20th century
_xBio-bibliography.
_969862
650 0 _aAuthors, European
_y20th century
_xBiography
_xDictionaries.
_969863
700 1 _aSmith, Horatio Elwin,
_d1886-1946,
_eed.
_969864
942 _2ddc
_cBK
999 _c22633
_d22633